Visualizzazione normale
Vista MARC
- Cafer T.
di Personal Name
Records bibliografici associati: 1
001 - CONTROL NUMBER
- control field: 20798
003 - CONTROL NUMBER IDENTIFIER
- control field: IT-RoPau
005 - DATE AND TIME OF LATEST TRANSACTION
- control field: 20140413215900.0
008 - FIXED-LENGTH DATA ELEMENTS
- fixed length control field: 140413|| aca||aabn | a|a d
040 ## - CATALOGING SOURCE
- Original cataloging agency: IT-RoPau
- Transcribing agency: IT-RoPau
100 ## - HEADING--PERSONAL NAME
- Personal name: Cafer T.
- Dates associated with a name: Codice autore musica SPICS: 28570
- Relator term: Autore musica
- Name of part/section of a work: Ciudad real
670 ## - SOURCE DATA FOUND
- Source citation: Work cat.: (IT-RoPau)99820: AA.VV. 794, All'aria aperta-Musiche caratteristiche campagnole